Open Data Biblioteca Nacional de Portugal


República Portuguesa: Ministério da Cultura
Biblioteca Nacional de Portugal

Catálogo da BNP: acesso por Identificadores Unívocos
Registos Bibliográficos associados ao registo de autoridade

Etiqueta de registo: 00000nam 2200025 450
001 2278472
003 http://id.bnportugal.gov.pt/bib/catbnp/2278472
100 ## $a20260310d2025 k y0pory01030103ba
101 0# $aeng$dpor
102 ## $aPT
105 ## $aa m 000yy
106 ## $ar
200 1# $aDigitalização integrada das cadeias de abastecimento de biomassa residual - um caminho para a gestão sustentável dos recursos$dIntegrated digitalization of residual biomass supply chains - a pathway to sustainable resource management$fTiago Silva Oliveira Bastos$gorient. Leonor da Conceição Teixeira, Leonel Jorge Ribeiro Nunes$zeng
210 #9 $aAveiro$c[s.n.],$d2025
215 ## $a[7] f., [12], 298 p.$cil.$d30 cm
328 #1 $aTese dout. Engenharia e Gestão Industrial, Universidade de Aveiro, 2025
510 1# $aIntegrated digitalization of residual biomass supply chains - a pathway to sustainable resouece management$zeng
675 ## $a658.78(043)$vBN$zpor$31307566
675 ## $a330.15(043)$vBN$zpor$31331639
675 ## $a502.17(043)$vBN$zpor$31221073
700 #1 $aBastos,$bTiago Silva Oliveira$31990203
702 #1 $aTeixeira,$bLeonor da Conceição$4727$31424271
702 #1 $aNunes,$bLeonel Jorge Ribeiro$4727$3955611
801 #0 $aPT$bBN$gRPC
966 ## $lBN$mFGMON$sS.A. 193590 V.$x1
971 ## $corlando$d20260310
972 ## $e0$z0$d20260427$vlrevez
973 ## $ctrodrigues$d20260416

OpendataBNP@bnportugal.pt | Mais informação sobre acesso aos dados BNP